| 000 | 00409 a2200157 4500 | ||
|---|---|---|---|
| 005 | 20250619124336.0 | ||
| 020 | _a0-07-246648-0 | ||
| 082 | _a658.81 JOH | ||
| 100 | _aJONSTON, M. W. | ||
| 245 | _aChurchill /Ford/Walker's Sales Force Management. | ||
| 250 | _a7th Ed. | ||
| 260 |
_aBoston _bMcGraw-Hill _c2003 |
||
| 300 |
_axx, 603p.: ill.; table _bIndex _c26cm. |
||
| 700 | _aMARSHALL, G. W. | ||
| 942 |
_2ddc _cBKS |
||
| 999 |
_c251 _d251 |
||